Nutrition of Hevea brasiliensis in relation to ethrel stimulation (Record no. 64255)

MARC details
000 -LEADER
fixed length control field 00453nam a2200145Ia 4500
100 ## - MAIN ENTRY--AUTHOR NAME
Personal name Sivanandayan K
245 #0 - TITLE STATEMENT
Title Nutrition of Hevea brasiliensis in relation to ethrel stimulation
260 ## - PUBLICATION, DISTRIBUTION, ETC. (IMPRINT)
Name of publisher Proceedings of the RRIM Planters Conference, Kuala Lumpur, 1972; p83-95
650 ## - SUBJECT ADDED ENTRY--TOPICAL TERM
Topical Term Ethrel stimulation
650 ## - SUBJECT ADDED ENTRY--TOPICAL TERM
Topical Term Hevea brasiliensis
700 ## - ADDED ENTRY--PERSONAL NAME
Personal name Chin P T
700 ## - ADDED ENTRY--PERSONAL NAME
Personal name Pushparajah E
942 ## - ADDED ENTRY ELEMENTS (KOHA)
Koha item type Journals
Holdings
Withdrawn status Lost status Damaged status Not for loan Home library Current library Shelving location Date acquired Koha item type
      Journals RRII Library RRII Library Physiology 17/12/2021 Journals